000 00910nam a22002775i 4500
001 11616
003 ES-MaACL
005 20231127212620.0
007 t|
008 951213s1995 sp ||||0| spa d
020 _a84-206-9414-2
040 _aM-BN
_bspa
_cM-BN
080 _a343.255.5(82)
080 _a355.015(82)"1955/83"
080 _a32(82)"1955/83"
100 1 _aGarcía, Prudencio.
_954087
245 1 3 _aEl drama de la autonomía militar
_b: Argentina bajo las juntas militares /
_cPrudencio García.
260 _aMadrid :
_bAlianza Editorial,
_cD.L. 1995.
300 _a585 p ;
_c23 cm.
504 _aBibliografía: p. 565-585.
650 1 4 _aTortura-
_zArgentina.
_917569
650 1 4 _aMilitarismo-
_zArgentina
_915049
651 4 _aArgentina-
_xPolítica y gobierno-
_y1955-1983.
_97816
852 _aES-MaACL
_jL-18989
_bR.124294
_q. - Ded. autógr. del autor
999 _c11616
_d11616